• 首页
  • 本馆介绍
  • 公告通知
  • 最新文献
  • 馆藏检索
  • 电子资源
  • 读者导购
  • 参考咨询
  • 我的图书馆
  • 登录
  • 详细信息显示
  • 放入我的书架
  • 预约/预借图书
  • 作者相关作品
  • 分类相关作品
  • 丛书相关作品
  • 出版社相关作品

书目信息

  • 表格格式
  • 工作单格式
  • 卡片格式
题名:
别说你懂孩子的成长
    
 
作者: 邱德军 著
分册:  
出版信息: 北京   朝华出版社  2012
页数: 249页
开本: 24cm
丛书名:
单 册:
中图分类: G78-49
科图分类:
主题词: 家庭教育--通俗读物
电子资源:
ISBN: 978-7-5054-2985-7
000 01165nam0 2200253 450
001 012001004037
005 20130127164507.0
010    @a978-7-5054-2985-7@dCNY28.00
100    @a20120317d2012 em y0chiy50 ea
101 0  @achi
102    @aCN@b110000
105    @ay z 000yy
106    @ar
200 1  @a别说你懂孩子的成长@9bie shuo ni dong hai zi de cheng zhang@e一位父亲的教子笔记@f邱德军著
210    @a北京@c朝华出版社@d2012
215    @a249页@d24cm
314    @a邱德军,男,曾用笔名阿秋、响石丘等。已出版图书《话中有话》等。
330    @a这是一本爸爸写女儿的教子笔记及由此引发的感想的合集,从女儿上幼儿园一直写到上小学低级,童言童语,幽默诙谐,书中记叙的小故事多数已在报刊上发表,需要说明的是,处于某种需要,文中涉及到的“家”外人物都是虚构的化名,作者在选录时又作了删节和改动。通过日常生活中发生的育儿事情,针对当前儿童在成长过程中出现的不良习惯进行反思与指导,旨在培养孩子良好的心理素质和好习惯,提高孩子的情商。
517 1  @a一位父亲的教子笔记@9yi wei fu qin de jiao zi bi ji
606 0  @a家庭教育@j通俗读物
690    @aG78-49@v5
701  0 @a邱德军@9qiu de jun@4著
801  0 @aCN@b江苏凤凰@c20191020
905    @b1219262-5@dG78-49@e1068@f4
    
    别说你懂孩子的成长:一位父亲的教子笔记/邱德军著.-北京:朝华出版社,2012
    249页;24cm
    
    
    ISBN 978-7-5054-2985-7:CNY28.00
    这是一本爸爸写女儿的教子笔记及由此引发的感想的合集,从女儿上幼儿园一直写到上小学低级,童言童语,幽默诙谐,书中记叙的小故事多数已在报刊上发表,需要说明的是,处于某种需要,文中涉及到的“家”外人物都是虚构的化名,作者在选录时又作了删节和改动。通过日常生活中发生的育儿事情,针对当前儿童在成长过程中出现的不良习惯进行反思与指导,旨在培养孩子良好的心理素质和好习惯,提高孩子的情商。
●
相关链接 在E读中查询图书 在五车中查询图书 在当当中查询图书 在豆瓣中查询图书


正题名:别说你懂孩子的成长     索取号:G78-49/1068         预约/预借

序号 登录号 条形码 馆藏地/架位号 状态 备注
1 1219262   212192624   第一样本阅览室/ [索取号:G78-49/1068] 在馆    
2 1219263   212192633   教育系资料室/ [索取号:G78-49/1068] 在馆    
3 1219264   212192642   教育系资料室/ [索取号:G78-49/1068] 在馆    
4 1219265   212192651   第四借阅区/ [索取号:G78-49/1068] 在馆    
唐山师范学院图书馆 欢迎您!
大连网信软件有限公司© 版权所有